Wird geladen...
Tribal development: a study of internal factors /
| 1. Verfasser: | |
|---|---|
| Sprache: | English |
| Veröffentlicht: |
2006
|
| Schlagworte: |
| LEADER | 00339 a2200133 4500 | ||
|---|---|---|---|
| 008 | 100208b ||||| |||| 00| 0 eng d | ||
| 082 | |a 307.7 FRA/TR | ||
| 100 | |a Francis,K. M. | ||
| 245 | |a Tribal development: |b a study of internal factors / | ||
| 260 | |c 2006 | ||
| 500 | |a PhD-Thesis | ||
| 650 | |a Tribal development. | ||
| 942 | |c BK | ||
| 999 | |c 318213 |d 318213 | ||